| 000 | 00684nam a22001937a 4500 | ||
|---|---|---|---|
| 005 | 20251108165834.0 | ||
| 008 | 250721s2002 xx 000 0 ara d | ||
| 082 | 1 | 4 | _a216.35/لكن |
| 100 | 1 | _aاللكنوي، أبو الحسنات محمد عبد الحي بن محمد | |
| 245 | 1 | 0 |
_aالفلك المشحون : _bإنتفاع المرتهن بالمرهون / |
| 264 | 1 |
_aعمان : _bمؤسسة الرسالة، _c2002. |
|
| 300 | _a64ص. | ||
| 650 | 1 | 7 | _aالفقه الإسلامي |
| 650 | 1 | 7 | _aالأحكام الشرعية |
| 650 | 1 | 7 | _aالرهونات |
| 700 | 1 |
_aأبو الحاج، صلاح محمد سالم _eتحقيق |
|
| 942 |
_2ddc _cBK |
||
| 999 |
_c32588 _d32588 |
||